Henry James and the ghostly /

Bibliographic Details
Main Author: Lustig, T. J., 1961-
Format: Book
Language:English
Published: Cambridge ; New York : Cambridge University Press, 1994.
Subjects:

MARC

Tag First Indicator Second Indicator Subfields
LEADER 00000cam a2200000 a 4500
001 in00001234934
005 20160511123444.0
008 931015s1994 enk b 001 0 eng
010 |a  93038835  
015 |a GB95-7301 
020 |a 052145378X (hardback) 
035 |a (OCoLC)29259372 
035 |9 AGS2895AM 
040 |a DLC  |c DLC  |d UKM  |d NGU  |d UtOrBLW 
043 |a n-us--- 
049 |a TXAM 
050 0 0 |a PS2127.O25  |b L87 1994 
082 0 0 |a 813/.4  |2 20 
100 1 |a Lustig, T. J.,  |d 1961- 
245 1 0 |a Henry James and the ghostly /  |c T.J. Lustig. 
264 1 |a Cambridge ;  |a New York :  |b Cambridge University Press,  |c 1994. 
300 |a xi, 317 pages ;  |c 24 cm. 
336 |a text  |b txt  |2 rdacontent 
337 |a unmediated  |b n  |2 rdamedia 
338 |a volume  |b nc  |2 rdacarrier 
504 |a Includes bibliographical references (pages 282-307) and index. 
600 1 0 |a James, Henry,  |d 1843-1916  |x Knowledge  |x Occultism. 
650 0 |a Ghost stories, American  |x History and criticism. 
650 0 |a Occultism in literature. 
600 1 4 |a James, Henry,  |d 1843-1916. 
653 0 |a English fiction 
653 0 |a United States 
999 |a MARS 
999 f f |s d75349c1-79a5-371b-8ede-a8b811b3f717  |i 13ea0fb1-7e65-3afc-8199-6d0cf4551093  |t 0 
952 f f |p ric  |a Texas A&M University  |b Rellis Campus  |c Joint Library Facility  |d Remote Storage  |t 0  |e PS2127.O25 L87 1994  |h Library of Congress classification  |i unmediated -- volume  |m A14819407711 
998 f f |a PS2127.O25 L87 1994  |t 0  |l Remote Storage